000 00660nam a2200253Ia 4500
003 OSt
005 20221006143918.0
006 a|||||r|||| 00| 0
007 ta
008 221006b |||||||| |||| 00| 0 eng d
020 _cP15.00
024 _a10,382
037 _cTextual
040 _aEASL
_cEASL
_beng
041 _2eng
_aeng
082 _aW:(Y:6).41.N7, L5
100 _aBING D Ed.
_9470160
245 0 _aChina
_b Cultural and political perspectives
260 _aAuckland
_bLongman Paul
_c1975
300 _a238p.
_ccm.
490 _v CEL
942 _hW:(Y:6).41.N7, L5
_cTEXL
_2CC
999 _c1078468
_d1078468